Statistiques concernant Records de l'Équipe de Belgique de football

Cliquez ici pour prendre le quiz!

Statistiques générales

  • Ce quiz a été pris 121 fois
  • Le résultat moyen est 7 sur 17

Statistiques - réponses

ButsSélectionsJoueur% Correct
83114Romelu Lukaku
99%
33126Eden Hazard
97%
2699Kevin De Bruyne
93%
0102Thibaut Courtois
84%
10154Jan Vertonghen
68%
12130Axel Witsel
61%
5127Toby Alderweireld
61%
21109Dries Mertens
58%
2753Mitchy Batshuayi
41%
2970Marc Wilmots
31%
2396Jan Ceulemans
21%
3081Paul Van Himst
11%
694Timmy Simons
7%
2856Jef Mermans
2%
3061Bernard Voorhoof
1%
2654Raymond Braine
1%
2623Robert de Veen
0%

Distribution des résultats

Percentile par nombre de réponses

% des personnes avec chaque résultat

Votre développement - résultats

Vous n’avez pas pris ce quiz